| 000 | 00706nam a2200217 a 4500 | ||
|---|---|---|---|
| 005 | 20260322212034.0 | ||
| 008 | data | ||
| 010 | _a84-060474 | ||
| 020 | _a094359605X (pbk.) | ||
| 020 | _a9780943596051 (pbk.) | ||
| 096 | _aWM 30 F451d 1984 | ||
| 100 | 1 | _aFidler, Gail S. | |
| 245 | 1 | 0 |
_aDesign of rehabilitation services in psychiatric hospital settings/ _cGail S. Fidler. |
| 260 |
_aLaurel, Md. _bRamsco Pub. Co. _cc1984 |
||
| 300 |
_axii, 130 p. : _b ill. ; _c 23 cm. |
||
| 500 | _aBibliography: p. 89-91. | ||
| 650 | 0 | 2 |
_aHospitals, Psychiatric _xorganization & administration |
| 650 | 0 | 2 |
_aMental Disorders _xrehabilitation |
| 650 | 0 | 2 |
_aMental Health Services _xorganization & administration |
| 001 | data | ||
| 999 |
_c797 _d797 |
||